Central Library OPAC University of Rajshahi
Normal view MARC view

Entry Personal Name

Number of records used in: 2

001 - CONTROL NUMBER

  • control field: 12868

003 - CONTROL NUMBER IDENTIFIER

  • control field: BD-RjUL

005 - DATE AND TIME OF LATEST TRANSACTION

  • control field: 20240507101354.0

008 - FIXED-LENGTH DATA ELEMENTS

  • fixed length control field: 240507|| aca||aabn | a|a d

040 ## - CATALOGING SOURCE

  • Original cataloging agency: BD-RjUL
  • Transcribing agency: BD-RjUL

100 ## - HEADING--PERSONAL NAME

  • Personal name: KHATUN, NURUNNAHAR

670 ## - SOURCE DATA FOUND

  • Source citation: Work cat.: (BD-RjUL)83662: KHATUN, NURUNNAHAR, MICROPROPAGATION AND GENETIC TRANSFORMATION IN POTATO :, 2004